000 004310000a22001810004500
003 LK-CoMWRAF
005 20230930214012.0
008 230817t ||||| |||| 00| 0 eng d
040 _aLK-CoMWRAF
_dLK-CoMWRAF
_eLK-CoMWRAF
041 _aeng
082 _a297.122
_bALI
100 _aAli, Abdullah Yusuf
245 _aThe Meaning of the glorious Quran
300 _a924p
490 _aVolume i
650 _aQuran
942 _cBK
999 _c1973
_d1973